000 00584nam a2200229Ia 4500
003 OSt
005 20220928151312.0
006 a|||||r|||| 00| 0
007 ta
008 220927b |||||||| |||| 00| 0 eng d
024 _a123126
037 _cTextual
040 _aSDCL
_cSDCL
_beng
041 _2eng
_aeng
082 _aBX, L3
100 _aLindenstrauss Joram
_9516967
245 0 _aClassical banach spaces.
260 _c1973
700 _a Tzafriri Lior
_9516968
942 _hBX, L3
_cTEXL
_2CC
999 _c850999
_d850999